000 00642nam a2200217 i 4500
003 OSt
005 20260403110438.0
008 260321s1997 at ||||| |||| 00| 0 eng d
020 _a064634241X
040 _aLHL
_beng
_cLHL
_dLHL
_erda
041 _aeng
100 _aLoden, Thubten
245 _aEssence of the path to enlightenment /
_cForwarded by His Holiness the Dalai Lama.
264 _aMelbourne, Australia :
_bTushita publications ;
_c1997.
300 _a344 pages ;
_c21 cm
336 _2rdacontent
_atext
_btxt
337 _2rdamedia
_aunmediated
_bn
338 _2rdacarrier
_avolume
_bnc
650 _aLam-Rim
942 _2LCS
_cBOOK
_n0
999 _c2894
_d2894